Mills and Sternberg's: (Record no. 37115)
[ view plain ]
| 000 -LEADER | |
|---|---|
| fixed length control field | 00714nam a22002297a 4500 |
| 005 - DATE AND TIME OF LATEST TRANSACTION | |
| control field | 20260226131649.0 |
| 008 - FIXED-LENGTH DATA ELEMENTS--GENERAL INFORMATION | |
| fixed length control field | 260226b |||||||| |||| 00| 0 eng d |
| 020 ## - INTERNATIONAL STANDARD BOOK NUMBER | |
| ISBN | 9781975150723 |
| 082 ## - DEWEY DECIMAL CLASSIFICATION NUMBER | |
| Classification number | 617.075 |
| Item number | MIL |
| 245 ## - TITLE STATEMENT | |
| Title | Mills and Sternberg's: |
| Remainder of title | Diagnostic Surgical Pathology-1 |
| 250 ## - EDITION STATEMENT | |
| Edition statement | 7th.ed |
| 260 ## - PUBLICATION, DISTRIBUTION, ETC. | |
| Place of Publication | Philadelphia : |
| Name of publisher, distributor, etc. | Wolters Kluwer ; |
| Date of publication, distribution, etc. | 2022 . |
| 300 ## - PHYSICAL DESCRIPTION | |
| Pages | xix, 1-790 p. |
| 490 ## - SERIES STATEMENT | |
| Volume | vol.1 |
| 500 ## - GENERAL NOTE | |
| General note | 4 VOLUMN set.<br/>vol.1 (1-790)<br/>Includes bibliographical references and index.<br/> |
| 650 ## - SUBJECT ADDED ENTRY--TOPICAL TERM | |
| Subject / Department | Histopathology |
| 700 ## - ADDED ENTRY--PERSONAL NAME | |
| Personal name | Teri A.Longacre(Editor) |
| 700 ## - ADDED ENTRY--PERSONAL NAME | |
| Personal name | Joel. Greenson(Editor) |
| 700 ## - ADDED ENTRY--PERSONAL NAME | |
| Personal name | Jason L. Hornick(Editor) |
| 700 ## - ADDED ENTRY--PERSONAL NAME | |
| Personal name | Victor E. Reuter |
| 300 ## - PHYSICAL DESCRIPTION | |
| -- | ill ; |
| -- | 29 cm. |
| 952 ## - LOCATION AND ITEM INFORMATION (KOHA) | |
| -- | 0 |
| -- | 0 |
| 952 ## - LOCATION AND ITEM INFORMATION (KOHA) | |
| -- | 0 |
| -- | 0 |
| Lost status | Damaged status | Collection code | Permanent Location | Current Location | Shelving Location | Date acquired | Source of acquisition | Full Call Number | Accession No./Barcode | Date last seen | Copy number | item type | Koha item type |
|---|---|---|---|---|---|---|---|---|---|---|---|---|---|
| Medical | Superior Information Resource Center (SIRC) Superior University- Central Library | Superior Information Resource Center (SIRC) Superior University- Central Library | Pathology / Dental Building | 02/26/2026 | Al-Roshan Enterprisis | 617.075 MIL 2022 | 29921 | 02/26/2026 | 1 | BOOK | BOOK | ||
| Medical | Superior Information Resource Center (SIRC) Superior University- Central Library | Superior Information Resource Center (SIRC) Superior University- Central Library | Pathology / Dental Building | 02/26/2026 | Al-Roshan Enterprisis | 617.075 MIL 2022 | 29922 | 02/26/2026 | 2 | BOOK | BOOK |
